NBA Players by Picture - Slovenia - Statistics

General Stats
  • This quiz has been taken 30 times
  • The average score is 4 of 13
Answer Stats
Picture Answer % Correct
Luka Dončić
100%
Goran Dragić
69%
Zoran Dragić
69%
Vlatko Čančar
46%
Saša Vujačić
23%
Anthony Randolph
15%
Beno Udrih
12%
Mike Tobey
12%
Radoslav Nesterović
12%
Marko Milič
4%
Primož Brezec
4%
Uroš Slokar
4%
Boštjan Nachbar
0%
No matching quizzes found
Score Distribution
Percent of People with Each Score
Percentile by Number Answered
Your Score History
You have not taken this quiz